|
|
|
|
| LEADER |
00000nam0a2200000 4500 |
| 001 |
258160 |
| 005 |
20231101233253.0 |
| 035 |
|
|
|a (RuTPU)RU\TPU\book\280998
|
| 035 |
|
|
|a RU\TPU\book\139884
|
| 090 |
|
|
|a 258160
|
| 100 |
|
|
|a 20140423d1987 km a0rusy5003 ca
|
| 101 |
1 |
|
|a rus
|c est
|
| 102 |
|
|
|a EE
|
| 105 |
|
|
|a y g 001zy
|
| 200 |
1 |
|
|a Альфа и омега
|e краткий справочник
|e пер. с эст.
|f сост. Г. Наан
|
| 210 |
|
|
|a Таллинн
|c Валгус
|d 1987
|
| 215 |
|
|
|a 384 с.
|
| 606 |
1 |
|
|a Справочные издания
|2 stltpush
|3 (RuTPU)RU\TPU\subj\56080
|9 74011
|
| 610 |
1 |
|
|a справочники
|
| 610 |
1 |
|
|a человеческие знания
|
| 610 |
1 |
|
|a Вселенная
|
| 610 |
1 |
|
|a Земля
|
| 610 |
1 |
|
|a происхождение Вселенной
|
| 610 |
1 |
|
|a жизнь
|
| 610 |
1 |
|
|a развитие
|
| 610 |
1 |
|
|a наука
|
| 610 |
1 |
|
|a история
|
| 686 |
|
|
|a Я2
|2 rubbk
|
| 702 |
|
1 |
|a Наан
|b Г.
|4 220
|
| 801 |
|
0 |
|a RU
|b RuMRKP
|c 19950417
|g psbo
|
| 801 |
|
1 |
|a RU
|b 63413507
|c 20080122
|g PSBO
|
| 801 |
|
2 |
|a RU
|b 63413507
|c 20141119
|g PSBO
|
| 942 |
|
|
|c BK
|